[Event "Morava-ch"]
[Site "Orlova"]
[Date "2023.10.27"]
[Round "7"]
[White "Busos, Daniel"]
[Black "Barteckova, Valerie"]
[Result "1/2-1/2"]
[WhiteElo "1605"]
[BlackElo "1498"]
[PlyCount "78"]
[EventDate "2023.10.24"]
[EventType "swiss"]
[EventRounds "9"]
[EventCountry "CZE"]
[SourceTitle "Mega2024 Update 01"]
[Source "Chessbase"]
[SourceDate "2023.11.12"]
[SourceVersion "1"]
[SourceVersionDate "2023.11.12"]
[SourceQuality "1"]

1. e4 c6 2. d4 d5 3. f3 e6 4. Bd3 Nf6 5. e5 Ng8 6. Ne2 Bd7 7. c3 c5 8. Qc2 h6 9. b3 Nc6 10. Be3 Rc8 11. f4 cxd4 12. Nxd4 Nb4 13. Qd2 Nxd3+ 14. Qxd3 Bc5 15. Nb5 Bxb5 16. Qxb5+ Qd7 17. Qxd7+ Kxd7 18. Bxc5 Rxc5 19. Kd2 Ne7 20. Na3 Nf5 21. g3 Rhc8 22. Rhc1 Ra5 23. Nc2 Rac5 24. Nd4 Nxd4 25. cxd4 Rxc1 26. Rxc1 Rxc1 27. Kxc1 Kc6 28. Kc2 Kb5 29. Kc3 Kc6 30. g4 Kd7 31. Kb4 Kc6 32. a4 Kb6 33. h3 a5+ 34. Kc3 Kc6 35. b4 b6 36. bxa5 bxa5 37. Kd3 Kd7 38. Ke3 Ke7 39. f5 g6 1/2-1/2

[Event "Morava-ch"]
[Site "Orlova"]
[Date "2023.10.25"]
[Round "3"]
[White "Kokes, Christian"]
[Black "Busos, Daniel"]
[Result "0-1"]
[WhiteElo "1278"]
[BlackElo "1605"]
[PlyCount "42"]
[EventDate "2023.10.24"]
[EventType "swiss"]
[EventRounds "9"]
[EventCountry "CZE"]
[SourceTitle "Mega2024 Update 01"]
[Source "Chessbase"]
[SourceDate "2023.11.12"]
[SourceVersion "1"]
[SourceVersionDate "2023.11.12"]
[SourceQuality "1"]

1. e4 c6 2. d4 d5 3. exd5 cxd5 4. Nf3 Nf6 5. Nc3 Nc6 6. Be3 Bg4 7. Be2 e6 8. h3 Bh5 9. g4 Bg6 10. Ne5 Bb4 11. Bb5 0-0 12. 0-0 Nxe5 13. dxe5 Bxc3 14. bxc3 Ne4 15. Bd4 Qh4 16. Kg2 Ng5 17. f4 Qxh3+ 18. Kf2 Ne4+ 19. Ke1 Qg3+ 20. Ke2 Qxg4+ 21. Ke1 Qg3+ 0-1

[Event "Morava-ch U16"]
[Site "Loucna nad Desnou"]
[Date "2017.10.29"]
[Round "9"]
[White "Busos, Daniel"]
[Black "Halamicek, Radek"]
[Result "1/2-1/2"]
[WhiteElo "1446"]
[BlackElo "1658"]
[PlyCount "60"]
[EventDate "2017.10.24"]
[EventType "swiss"]
[EventRounds "9"]
[EventCountry "CZE"]
[SourceTitle "EXT 2020"]
[Source "ChessBase"]
[SourceDate "2019.10.17"]
[SourceVersion "1"]
[SourceVersionDate "2019.10.17"]
[SourceQuality "1"]

1. e4 c5 2. c3 e6 3. d4 cxd4 4. cxd4 d5 5. e5 Nc6 6. Bf4 Qb6 7. Qd2 Qxd4 8. Bb5 Qxd2+ 9. Nxd2 Bd7 10. Bxc6 Bxc6 11. Ngf3 Bc5 12. 0-0 Ne7 13. Rac1 Bb6 14. Nb3 0-0 15. Rfe1 Rac8 16. Be3 Bxe3 17. Rxe3 Bb5 18. Rec3 Rxc3 19. Rxc3 Rc8 20. Rxc8+ Nxc8 21. Nfd4 Bc6 22. Na5 Ne7 23. b4 a6 24. a4 Bxa4 25. Nxb7 Nc6 26. Nxc6 Bxc6 27. Nc5 Bb5 28. f4 Kf8 29. Kf2 Ke7 30. Kf3 f6 1/2-1/2